000 00266nam a22001217a 4500
008 170210b xxu||||| |||| 00| 0 eng d
041 _aeng
080 _a61
100 _a4
101 _aSHM
245 _aTHE MEDICAL CLINICS NORTH AMERICA
_cMARTIN
942 _2udc
_cBK
999 _c5088
_d5088